How to become a good leader: Pathways to perfection (Record no. 165764)

MARC details
000 -LEADER
fixed length control field 00360nam a2200145Ia 4500
008 - FIXED-LENGTH DATA ELEMENTS--GENERAL INFORMATION
fixed length control field 231217s9999 xx 000 0 und d
041 ## - LANGUAGE CODE
Language code of text/sound track or separate title English
082 ## - DEWEY DECIMAL CLASSIFICATION NUMBER
Classification number 658.4092 SAR
100 ## - MAIN ENTRY--PERSONAL NAME
Personal name Saraf, V K
245 #0 - TITLE STATEMENT
Title How to become a good leader: Pathways to perfection
260 ## - PUBLICATION, DISTRIBUTION, ETC.
Name of publisher, distributor, etc. UBSPD, N.Delhi
300 ## - PHYSICAL DESCRIPTION
Extent xvi+229
650 ## - SUBJECT ADDED ENTRY--TOPICAL TERM
Topical term or geographic name entry element Leadership
942 ## - ADDED ENTRY ELEMENTS (KOHA)
Koha item type Books
Holdings
Date last seen Total checkouts Full call number Accession number Cost, total (INR) price Price effective from Category Public note Lost status Damaged status Department Withdrawn status Home library Current library Shelving location Entry date Vendor Cost, normal purchase price Grants Billnumber Billdate Currency symbol Conversion rate Discount Old discount
26/01/2024   658.4092 SAR 11416 102.00 26/01/2024 Books SC ST (445)     Central Library   Central Library Central Library SC-ST 23/05/1998 Sapna Book House 120.00 SC-ST 177 97-98 10/11/2000 RS 1 18 15

© For any Suggestions or Query, please contact the library staff @ librarian@pes.edu or Phone: +9180 2672 1983/ 2108.